00409nam a22001457a 450000500170000008200120001710000250002924500350005426000350008930000090012449000390013350500300017265000410020265000200024320250822100021.0 a543 ANA aAnalytical Chemistry aAnalytical Chemistry -Part III aColombobOpen Universityc1987 a106p aCourse of study Leading - PSU 2116 aBachelor Science :Level 4 a chemistryaanalytical chemistrya  aOpen University